Tourist Numbers by Country to Tasmania - Statistics

General Stats
  • This quiz has been taken 178 times
  • The average score is 13 of 16
Answer Stats
Hint Answer % Correct
46,200 China
98%
31,100 United States
96%
6,900 Japan
95%
24,600 United Kingdom
95%
8,700 France
93%
15,500 New Zealand
93%
4,100 India
91%
7,800 Canada
89%
11,800 Germany
89%
3,300 Indonesia
86%
3,000 Italy
80%
6,700 Malaysia
70%
12,300 Singapore
66%
3,600 Netherlands
55%
4,800 Taiwan
50%
4,000 Switzerland
42%
No matching quizzes found
Score Distribution
Percent of People with Each Score
Percentile by Number Answered
Your Score History
You have not taken this quiz